Twilight of the Sultanate (Record no. 370103)

000 -LEADER
fixed length control field 00373cam a22001337a 4500
008 - FIXED-LENGTH DATA ELEMENTS--GENERAL INFORMATION
fixed length control field 180718b1963 xxu||||| |||| 00| 0 eng d
082 ## - DEWEY DECIMAL CLASSIFICATION NUMBER
Classification number A6x5402 L15
100 ## - MAIN ENTRY--PERSONAL NAME
Personal name Lal, Kishori Saran
245 ## - TITLE STATEMENT
Title Twilight of the Sultanate
Statement of responsibility, etc. by Kishori Saran Lal
260 ## - PUBLICATION, DISTRIBUTION, ETC.
Place of publication, distribution, etc. Bombay
Name of publisher, distributor, etc. Asia Pub. House
Date of publication, distribution, etc. 1963
300 ## - PHYSICAL DESCRIPTION
Extent 358p.
500 ## - GENERAL NOTE
General note Rs.25.00
650 ## - SUBJECT ADDED ENTRY--TOPICAL TERM
Topical term or geographic name entry element India - History - 1200-1525
Holdings
Withdrawn status Lost status Damaged status Not for loan Permanent Location Current Location Date acquired Full call number Barcode Date last seen Price effective from Koha item type
        Indian Institute of Public Administration Indian Institute of Public Administration 1994-06-03 A6x5402 L15 32611 2018-07-21 2018-07-21 Book

Powered by Koha